1802 1336 1140 1203 1479 1482 1547 1072 1412 1597 1821 1477 1150 1519 1000 1853 1101 1433 1386 1320 1184 1325 1737 1156 1679 1524 1903 1540 1509 1792 1007 1312 1833 1350 1383 1084 1472 1299 1808 1358 1208 1988 1884 1163 1586 1904 1600 1703 1962 1652 1724 1912 1145 1405 1667 1440 1646 1987 1955 1923 1105 1134 1041 1137 1891 1347 1524 1810 1469 1624 1978 1011 1492 1152 1147 1987 1900 1957 1958 1944 1883 1462 1548 1076 1486 1153 1765 1086 1162 1702 1313 1561 1810 1153 1612 1615 1387 1902 1347 BCNSPRNW ULIB Ver.6.0+V

เปลี่ยนเป็นภาษาไทย

Change to English
 แสดงรายละเอียดบรรณานุกรม
  กลับหน้าหลัก

Brief Record : Get Marc (ISO 2709) : E-mail record : QR code < ปิดหน้าต่าง
LEADER : 00000nas 2200000uu 4500
001    13399125081
003     ULIB
008    160620s2559||||th 000 0 tha d
022    ^a01257477
110    ^aกรtทรวงสาธารณสุข^bกรมควบคุมโรค^bสำนักระบาดวิทยา^c
245    ^aรายงานการเฝ้าระวังทางระบาดวิทยาประจำสัปดาห์(วิทยาเขตนครสวรรค์)/^cสำนักระบาดวิทยา
260    ^aนนทบุรี :^bสำนักระบาดวิทยา,^cม.ป.ป.
310    ^aรายปี
850 ^a ULIB^bปีที่ 47 ฉบับที่ ฉบับพิเศษ ฉ.1 ;ปีที่ 45 ฉบับที่ ฉบับพิเศษ ฉ.1
945    ^p0^l0^i903865
945    ^p0^l0^i903866
999    ^aเกษร โพธิ์สุวรรณ
รายการนี้ยังไม่มีแท็ก
คุณยังไม่ได้ล็อกอิน คุณสามารถมีกิจกรรมร่วมกับเว็บไซต์ได้ แต่ต้องล็อกอินก่อน ::
  ล็อกอิน

รายการสื่อสารสนเทศ (วารสาร)

ดูแบบ: กล่อง รายการ
ARRIVED
ปีที่ 45 ฉบับที่ ฉบับพิเศษ ฉ.1
สถานที่: ห้องสมุดวิทยาเขตสวรรค์ประชารักษ์ >วารสาร
ARRIVED
ปีที่ 47 ฉบับที่ ฉบับพิเศษ ฉ.1
สถานที่: ห้องสมุดวิทยาเขตสวรรค์ประชารักษ์ >วารสาร

BibComment


ยังไม่เคยถูกคอมเมนท์

คอมเมนท์ทรัพยากรรายการนี้
  คอมเมนท์: รายงานการเฝ้าระว..


 Copyright 2026. Bcnsprnw @Library